书目信息 |
| 题名: |
大学物理实验
|
|
| 作者: | 张凤玲 , 杨秀芹 主编 | |
| 分册: | ||
| 出版信息: | 郑州 河南科学技术出版社 2012.01 |
|
| 页数: | 305页 | |
| 开本: | 28cm | |
| 丛书名: | ||
| 单 册: | ||
| 中图分类: | O4-33 | |
| 科图分类: | ||
| 主题词: | 物理学 | |
| 电子资源: | ||
| ISBN: | 7-5349-4616-6 | |
| 000 | 00638nam0 2200205 450 | |
| 001 | 1337137148 | |
| 005 | 20181214101723.63 | |
| 010 | @a7-5349-4616-6@dCNY35.00 | |
| 100 | @a20131028d2012 km y0chiy0120 ea | |
| 101 | 0 | @achi |
| 102 | @aCN@b410000 | |
| 200 | 1 | @a大学物理实验@Ada xue wu li shi yan@f张凤玲,杨秀芹主编@Fzhang feng ling,yang xiu qin zhu bian |
| 210 | @a郑州@c河南科学技术出版社@d2012.01 | |
| 215 | @a305页@d28cm | |
| 606 | 0 | @a物理学 |
| 690 | @aO4-33@v4 | |
| 701 | 0 | @a张凤玲@Azhang feng ling@4主编 |
| 701 | 0 | @a杨秀芹@Ayang xiu qin@4主编 |
| 801 | 0 | @aCN@b大连网信软件有限公司图书馆·11@c20160620 |
| 905 | @aZUCC@dO4-33@eZ103 | |
| 大学物理实验/张凤玲,杨秀芹主编.-郑州:河南科学技术出版社,2012.01 |
| 305页;28cm |
| ISBN 7-5349-4616-6:CNY35.00 |
| ● |
| 相关链接 |
|
|
|
正题名:大学物理实验
索取号:O4-33/Z103
 
预约/预借
| 序号 | 登录号 | 条形码 | 馆藏地/架位号 | 状态 | 备注 |
| 1 | 1235909 | 212359099 | 自科库401/401自科库 86排1列3层/ [索取号:O4-33/Z103] | 在馆 | |
| 2 | 1236449 | 212364494 | 自科库401/401自科库 86排1列3层/ [索取号:O4-33/Z103] | 在馆 | |
| 3 | 1236451 | 212364519 | 自科二线504/504自科库 50排2列2层/ [索取号:O4-33/Z103] | 在馆 | |
| 4 | 1236453 | 212364537 | 自科二线504/504自科库 50排1列2层/ [索取号:O4-33/Z103] | 在馆 | |
| 5 | 1236458 | 212364582 | 自科二线504/504自科库 50排1列2层/ [索取号:O4-33/Z103] | 在馆 | |
| 6 | 1236459 | 212364591 | 自科库401/401自科库 86排1列3层/ [索取号:O4-33/Z103] | 在馆 | |
| 7 | 1236759 | 212367598 | 自科库401/401自科库 86排1列3层/ [索取号:O4-33/Z103] | 在馆 | |
| 8 | 1236814 | 212368141 | 自科库401/401自科库 86排1列3层/ [索取号:O4-33/Z103] | 在馆 | |
| 9 | 1282309 | 212823097 | 自科库401/401自科库 86排1列3层/ [索取号:O4-33/Z103] | 在馆 | |
| 10 | 492118 | 204921184 | 自科库401/401自科库 86排1列3层/ [索取号:O4-33/Z103] | 在馆 | |
| 11 | 497133 | 204971334 | 自科库401/401自科库 86排1列3层/ [索取号:O4-33/Z103] | 在馆 | |
| 12 | 497140 | 204971405 | 自科库401/401自科库 86排1列3层/ [索取号:O4-33/Z103] | 在馆 | |
| 13 | 497230 | 204972306 | 自科库401/401自科库 86排1列3层/ [索取号:O4-33/Z103] | 在馆 | |
| 14 | 497276 | 204972761 | 自科库401/401自科库 86排1列3层/ [索取号:O4-33/Z103] | 在馆 | |
| 15 | 497335 | 204973350 | 自科库401/401自科库 86排1列3层/ [索取号:O4-33/Z103] | 在馆 | |
| 16 | 497383 | 204973831 | 自科库401/401自科库 86排1列3层/ [索取号:O4-33/Z103] | 在馆 |